[Event "CYCC U10"]
[Site "Vancouver CAN"]
[Date "2012.07.04"]
[Round "3"]
[White "Zhao, Yue Tong (Davy)"]
[Black "Zhang, Zhehai"]
[Result "1-0"]
[WhiteElo "1789"]
[BlackElo "1301"]
[PlyCount "173"]
[GameId "2160767909508519"]
[EventDate "2012.07.03"]
[EventType "swiss"]
[EventRounds "7"]
[EventCountry "CAN"]

1. e4 c5 2. Nf3 Nc6 3. d4 cxd4 4. Nxd4 e6 5. Nc3 Nf6 6. Ndb5 d6 7. Bf4 e5 8. Bg5 a6 9. Na3 b5 10. Nd5 Be7 11. Bxf6 Bxf6 12. c3 Be6 13. Nxb5 axb5 14. Bxb5 Rc8 15. Nb4 Bd7 16. Bxc6 Bxc6 17. Nxc6 Rxc6 18. Qa4 Qd7 19. O-O O-O 20. Qc2 Ra8 21. Rfd1 Qb7 22. f3 Raa6 23. a4 Qc7 24. Rd3 Rcb6 25. Ra2 Rb4 26. Rd2 Qa7+ 27. Kh1 Rbxa4 28. Rxa4 Rxa4 29. Rxd6 Ra1+ 30. Rd1 h6 31. h3 Rxd1+ 32. Qxd1 Qb7 33. b4 Qc6 34. Qb3 Bd8 35. Qd5 Qxd5 36. exd5 Bg5 37. c4 Bd2 38. b5 Bb4 39. b6 Kf8 40. b7 Bd6 41. c5 Bb8 42. Kg1 Ke8 43. Kf2 Kd7 44. Ke3 Kc7 45. c6 f5 46. g4 g6 47. h4 fxg4 48. fxg4 Kd6 49. Ke4 Ke7 50. Kf3 Kf6 51. Ke4 h5 52. g5+ Ke7 53. Ke3 Kd6 54. Ke4 Kc5 55. Kd3 Bc7 56. Ke4 Kc4 57. Ke3 Kc3 58. Ke4 Kd2 59. d6 Bxd6 60. Kd5 Bc7 61. Ke6 e4 62. Kd7 Bb8 63. c7 Bxc7 64. Kxc7 e3 65. b8=Q e2 66. Qd8+ Kc2 67. Qe7 Kd2 68. Qd6+ Kc2 69. Qe5 Kd2 70. Qd4+ Kc2 71. Qe3 Kd1 72. Qd3+ Ke1 73. Kd6 Kf2 74. Qd2 Kf1 75. Qf4+ Kg2 76. Qe3 Kf1 77. Qf3+ Ke1 78. Kd5 Kd2 79. Qf2 Kd1 80. Qd4+ Kc2 81. Qe3 Kd1 82. Qd3+ Ke1 83. Ke4 Kf2 84. Qf3+ Ke1 85. Kd3 Kd1 86. Qxe2+ Kc1 87. Qc2# 1-0

[Event "CYCC U10"]
[Site "Vancouver CAN"]
[Date "2012.07.04"]
[Round "3"]
[White "Zhou, Felix"]
[Black "Tolentino, Patrick Angelo"]
[Result "0-1"]
[WhiteElo "671"]
[BlackElo "1112"]
[PlyCount "68"]
[GameId "2160767909508520"]
[EventDate "2012.07.03"]
[EventType "swiss"]
[EventRounds "7"]
[EventCountry "CAN"]
[SourceTitle "EXT 2022"]
[Source "ChessBase"]
[SourceDate "2021.10.06"]
[SourceVersion "1"]
[SourceVersionDate "2021.10.06"]
[SourceQuality "1"]

1. d4 d5 2. c4 e5 3. e3 exd4 4. exd4 Nf6 5. Nf3 Be7 6. Nc3 O-O 7. Be2 dxc4 8. Bxc4 Bf5 9. O-O Nbd7 10. Qb3 b6 11. Ng5 Bg6 12. f4 h6 13. f5 Bh5 14. Nxf7 Bxf7 15. Rf3 c5 16. Rg3 Bd6 17. Rg6 Bxc4 18. Qxc4+ Kh8 19. Bxh6 gxh6 20. Rxh6+ Kg7 21. Rg6+ Kh7 22. Qd3 Kh8 23. Qh3+ Nh7 24. Qh6 Rf7 25. Ne4 Qc7 26. Nxd6 Rf6 27. Ne4 Rf7 28. Ng5 Rxf5 29. Qh3 Rxg5 30. Re6 Qf4 31. g3 Qxd4+ 32. Kg2 Qxb2+ 33. Kf3 Rf8+ 34. Ke4 Qd4# 0-1

[Event "CYCC U10"]
[Site "Vancouver CAN"]
[Date "2012.07.04"]
[Round "4"]
[White "Chen, Philip X"]
[Black "Chertkow, Matthew"]
[Result "1-0"]
[WhiteElo "1217"]
[BlackElo "868"]
[PlyCount "85"]
[GameId "2160767909508521"]
[EventDate "2012.07.03"]
[EventType "swiss"]
[EventRounds "7"]
[EventCountry "CAN"]
[SourceTitle "EXT 2022"]
[Source "ChessBase"]
[SourceDate "2021.10.06"]
[SourceVersion "1"]
[SourceVersionDate "2021.10.06"]
[SourceQuality "1"]

1. e4 e5 2. Nf3 Nc6 3. Bb5 Bc5 4. O-O Nf6 5. c3 a6 6. Ba4 b5 7. Bb3 O-O 8. Qe2 d5 9. exd5 Nxd5 10. Nxe5 Nde7 11. d4 Bb6 12. Qf3 Bf5 13. Nxc6 Nxc6 14. Qxf5 Ne7 15. Qe4 c6 16. Re1 Re8 17. Qd3 Qd6 18. Be3 Bc7 19. g3 c5 20. Bf4 Qc6 21. Bxc7 Qxc7 22. dxc5 Qxc5 23. Qe3 Qc7 24. Bd5 Rad8 25. Bf3 h6 26. Qc1 Nf5 27. Nd2 Ne7 28. Qc2 Rd7 29. Re2 g6 30. Rae1 h5 31. Nb3 Kf8 32. Nd4 Rdd8 33. Re4 f5 34. Ne6+ Kf7 35. Nxc7 fxe4 36. Nxe8 exf3 37. Qe4 Rxe8 38. Qxf3+ Kg7 39. Re6 Rf8 40. Rxe7+ Kg8 41. Qd5+ Kh8 42. Qe5+ Kg8 43. Qg7# 1-0

[Event "CYCC U10"]
[Site "Vancouver CAN"]
[Date "2012.07.04"]
[Round "4"]
[White "Chung, Alec"]
[Black "Smyth, Ryan"]
[Result "1-0"]
[WhiteElo "663"]
[BlackElo "1110"]
[PlyCount "79"]
[GameId "2160767909508522"]
[EventDate "2012.07.03"]
[EventType "swiss"]
[EventRounds "7"]
[EventCountry "CAN"]
[SourceTitle "EXT 2022"]
[Source "ChessBase"]
[SourceDate "2021.10.06"]
[SourceVersion "1"]
[SourceVersionDate "2021.10.06"]
[SourceQuality "1"]

1. b3 e5 2. Bb2 Nc6 3. c4 Nf6 4. e3 d6 5. Be2 Be7 6. d3 O-O 7. Nf3 Bg4 8. h3 Bxf3 9. Bxf3 Qd7 10. O-O Qe6 11. Re1 e4 12. dxe4 Nxe4 13. Bxe4 Qxe4 14. Nd2 Qe6 15. a3 Ne5 16. Qc2 Qh6 17. Rad1 Bh4 18. c5 Nc6 19. cxd6 cxd6 20. Nf3 Bf6 21. Rxd6 Rfe8 22. Bxf6 gxf6 23. Qc3 Ne5 24. Nxe5 Rxe5 25. Qxe5 fxe5 26. Rxh6 Rd8 27. Rc1 Kg7 28. Rh4 Kg6 29. Rhc4 Rd2 30. Rc7 Kf5 31. Rxf7+ Kg6 32. Rxb7 Kf5 33. Rxh7 Ke4 34. Rxa7 Kd3 35. Rd7+ Ke2 36. Rxd2+ Kxd2 37. Rc8 Ke2 38. g4 Kf3 39. g5 Ke4 40. g6 1-0

[Event "CYCC U10"]
[Site "Vancouver CAN"]
[Date "2012.07.04"]
[Round "4"]
[White "Gaisinsky, Adam"]
[Black "Eirew, Milo"]
[Result "1-0"]
[WhiteElo "904"]
[BlackElo "571"]
[PlyCount "51"]
[GameId "2160767909508523"]
[EventDate "2012.07.03"]
[EventType "swiss"]
[EventRounds "7"]
[EventCountry "CAN"]
[SourceTitle "EXT 2022"]
[Source "ChessBase"]
[SourceDate "2021.10.06"]
[SourceVersion "1"]
[SourceVersionDate "2021.10.06"]
[SourceQuality "1"]

1. e4 e5 2. Nf3 Nf6 3. Nc3 Nc6 4. Bb5 Nb4 5. a3 Nc6 6. d3 d5 7. exd5 Nxd5 8. Nxd5 Qxd5 9. Bc4 Qc5 10. b4 Qd6 11. O-O Nd4 12. Nxd4 Qxd4 13. Be3 Qc3 14. Bd2 Qb2 15. c3 h5 16. Ra2 Bg4 17. Qe1 Qxa2 18. Bxa2 Rd8 19. Qxe5+ Be7 20. Re1 Rd7 21. Qxg7 Rf8 22. Qe5 c6 23. Bg5 f6 24. Bxf6 Rxf6 25. Qxf6 Rd5 26. Qxe7# 1-0

[Event "CYCC U10"]
[Site "Vancouver CAN"]
[Date "2012.07.04"]
[Round "4"]
[White "Geng, Matthew"]
[Black "Doknjas, Joshua"]
[Result "0-1"]
[WhiteElo "1187"]
[BlackElo "1628"]
[PlyCount "54"]
[GameId "2160767909508524"]
[EventDate "2012.07.03"]
[EventType "swiss"]
[EventRounds "7"]
[EventCountry "CAN"]
[SourceTitle "EXT 2022"]
[Source "ChessBase"]
[SourceDate "2021.10.06"]
[SourceVersion "1"]
[SourceVersionDate "2021.10.06"]
[SourceQuality "1"]

1. e4 c5 2. Nf3 d6 3. d4 cxd4 4. Nxd4 Nf6 5. Nc3 a6 6. Be2 e5 7. Nf3 Be7 8. Bc4 O-O 9. Be3 Be6 10. Bd5 Nc6 11. h3 Rc8 12. a3 b5 13. b4 Qc7 14. Bxe6 fxe6 15. Bd2 d5 16. exd5 exd5 17. Qe2 e4 18. Nh2 Nd4 19. Qd1 Kh8 20. Rc1 a5 21. Ng4 axb4 22. axb4 Bxb4 23. Na2 Bxd2+ 24. Kxd2 Qa5+ 25. Ke3 Nf5+ 26. Kf4 Nh5+ 27. Kg5 Qd8+ 0-1

[Event "CYCC U10"]
[Site "Vancouver CAN"]
[Date "2012.07.04"]
[Round "4"]
[White "Ghodsi, Soroush"]
[Black "Guo, Thomas"]
[Result "0-1"]
[WhiteElo "960"]
[BlackElo "1334"]
[PlyCount "72"]
[GameId "2160767909508525"]
[EventDate "2012.07.03"]
[EventType "swiss"]
[EventRounds "7"]
[EventCountry "CAN"]
[SourceTitle "EXT 2022"]
[Source "ChessBase"]
[SourceDate "2021.10.06"]
[SourceVersion "1"]
[SourceVersionDate "2021.10.06"]
[SourceQuality "1"]

1. d4 d5 2. c4 e6 3. b3 dxc4 4. bxc4 Bb4+ 5. Bd2 Bxd2+ 6. Nxd2 Qxd4 7. Ngf3 Qd8 8. e4 Nf6 9. e5 Nfd7 10. c5 Nxc5 11. Bc4 Nc6 12. O-O O-O 13. Qc2 b6 14. a3 Bb7 15. Ba2 Qe7 16. Bb1 g6 17. Rc1 Rad8 18. a4 Nd7 19. Nc4 f6 20. Qe4 Na5 21. Qh4 Bxf3 22. gxf3 Nxc4 23. Rxc4 Nxe5 24. Rc3 c5 25. f4 Qb7 26. Ba2 Nf3+ 27. Rxf3 Qxf3 28. Bxe6+ Kg7 29. Bh3 Rd1+ 30. Rxd1 Qxd1+ 31. Bf1 Re8 32. f5 Re1 33. Qc4 gxf5 34. Qa6 Kg6 35. Qb5 Qg4+ 36. Kh1 Qe4+ 0-1

[Event "CYCC U10"]
[Site "Vancouver CAN"]
[Date "2012.07.04"]
[Round "4"]
[White "Hua, Eugene"]
[Black "Luan, Zhen Shu"]
[Result "0-1"]
[WhiteElo "810"]
[BlackElo "959"]
[PlyCount "92"]
[GameId "2160767909508526"]
[EventDate "2012.07.03"]
[EventType "swiss"]
[EventRounds "7"]
[EventCountry "CAN"]
[SourceTitle "EXT 2022"]
[Source "ChessBase"]
[SourceDate "2021.10.06"]
[SourceVersion "1"]
[SourceVersionDate "2021.10.06"]
[SourceQuality "1"]

1. e4 e5 2. Nf3 Nc6 3. Bb5 Bc5 4. c3 a6 5. Ba4 Nf6 6. d4 exd4 7. cxd4 Bb4+ 8. Bd2 Bxd2+ 9. Nbxd2 O-O 10. O-O d5 11. exd5 Qxd5 12. Nb1 Qf5 13. Nc3 Qg6 14. Bc2 Bf5 15. Bxf5 Qxf5 16. Re1 Rae8 17. Rc1 Ne4 18. Nxe4 Rxe4 19. Rxe4 Qxe4 20. Qc2 Qd5 21. Qc5 Qxc5 22. Rxc5 Rd8 23. h3 h6 24. Kf1 Kf8 25. Ke2 Ke7 26. Kd3 Rd7 27. Ne5 Rxd4+ 28. Ke3 Rd6 29. Nxc6+ Rxc6 30. Rxc6 bxc6 31. Kd4 Kd6 32. b3 c5+ 33. Ke4 Ke6 34. f3 f5+ 35. Kd3 Ke5 36. Kc4 Kf4 37. Kxc5 Kg3 38. Kd5 Kxg2 39. Ke5 h5 40. Kxf5 Kxh3 41. Kg5 Kg3 42. Kxh5 Kxf3 43. a4 Ke3 44. b4 Kd4 45. b5 a5 46. Kg5 Kc4 0-1

[Event "CYCC U10"]
[Site "Vancouver CAN"]
[Date "2012.07.04"]
[Round "4"]
[White "Ju, Lawrence"]
[Black "Butchart, Brian"]
[Result "1/2-1/2"]
[WhiteElo "1108"]
[BlackElo "649"]
[PlyCount "55"]
[GameId "2160767909508527"]
[EventDate "2012.07.03"]
[EventType "swiss"]
[EventRounds "7"]
[EventCountry "CAN"]
[SourceTitle "EXT 2022"]
[Source "ChessBase"]
[SourceDate "2021.10.06"]
[SourceVersion "1"]
[SourceVersionDate "2021.10.06"]
[SourceQuality "1"]

1. d4 d5 2. c4 Nf6 3. Nc3 e6 4. Bg5 Be7 5. e3 O-O 6. Nf3 h6 7. Bxf6 Bxf6 8. Rc1 b6 9. b4 Bb7 10. c5 Nd7 11. Bd3 Qe7 12. Ne2 g6 13. O-O Bg7 14. c6 Bxc6 15. Rxc6 Qxb4 16. Rxc7 Nf6 17. Qc2 Qd6 18. Rc6 Qd7 19. Ne5 Qd8 20. Rc1 Re8 21. Ba6 Qe7 22. Qa4 Ne4 23. Rc7 Qf8 24. R1c6 Bxe5 25. dxe5 Kg7 26. Qc2 Qb4 27. Nc3 Nc5 28. h3 1/2-1/2

[Event "CYCC U10"]
[Site "Vancouver CAN"]
[Date "2012.07.04"]
[Round "4"]
[White "Madokoro, Aidan"]
[Black "Thomson, Noah"]
[Result "1-0"]
[WhiteElo "788"]
[BlackElo "622"]
[PlyCount "61"]
[GameId "2160767909508528"]
[EventDate "2012.07.03"]
[EventType "swiss"]
[EventRounds "7"]
[EventCountry "CAN"]
[SourceTitle "EXT 2022"]
[Source "ChessBase"]
[SourceDate "2021.10.06"]
[SourceVersion "1"]
[SourceVersionDate "2021.10.06"]
[SourceQuality "1"]

1. d4 Nc6 2. Nf3 Nf6 3. Bf4 Nh5 4. Bg3 Nxg3 5. hxg3 g6 6. e3 Bg7 7. Bd3 O-O 8. Ng5 f6 9. Nxh7 b6 10. Nxf8 Qxf8 11. Bxg6 Bb7 12. Nd2 Nb4 13. c3 Bxg2 14. Rh2 f5 15. Qh5 Qf6 16. Qh7+ Kf8 17. O-O-O Bd5 18. cxb4 Bg8 19. Qh5 a5 20. Qxf5 Qxf5 21. Bxf5 axb4 22. Bxd7 Rxa2 23. Rh4 c5 24. Rf4+ Bf7 25. Be6 Ra1+ 26. Nb1 Kg8 27. Bxf7+ Kf8 28. Be6+ Ke8 29. dxc5 Ra2 30. Bf7+ Kf8 31. Rd8# 1-0

[Event "CYCC U10"]
[Site "Vancouver CAN"]
[Date "2012.07.04"]
[Round "4"]
[White "Pulfer, Luke"]
[Black "Yie, Kevin Yi Xiao"]
[Result "0-1"]
[WhiteElo "1667"]
[BlackElo "1670"]
[PlyCount "90"]
[GameId "2160767909508529"]
[EventDate "2012.07.03"]
[EventType "swiss"]
[EventRounds "7"]
[EventCountry "CAN"]
[SourceTitle "EXT 2022"]
[Source "ChessBase"]
[SourceDate "2021.10.06"]
[SourceVersion "1"]
[SourceVersionDate "2021.10.06"]
[SourceQuality "1"]

1. d4 d5 2. c4 c6 3. Nc3 e6 4. Nf3 dxc4 5. e3 b5 6. a4 Bb4 7. Bd2 Bxc3 8. Bxc3 a5 9. axb5 cxb5 10. b3 b4 11. Bxb4 Qb6 12. Qd2 Nc6 13. Bxa5 Rxa5 14. Rxa5 Qxa5 15. Qxa5 Nxa5 16. bxc4 Ne7 17. Bd3 Ba6 18. Nd2 O-O 19. Ke2 Bb7 20. f3 Nac6 21. Rb1 Ba8 22. Ne4 Rd8 23. Nc5 h6 24. Ne4 Kf8 25. c5 Nd5 26. Nd6 Nc3+ 27. Kd2 Nxb1+ 28. Bxb1 Na5 29. Ba2 Nb7 30. Nxb7 Bxb7 31. Kc3 Ke7 32. Kb4 Bc6 33. Ka5 Kd7 34. Bc4 Ra8+ 35. Kb4 Ra1 36. e4 Kc7 37. d5 Bd7 38. d6+ Kc8 39. e5 Rg1 40. Ba6+ Kb8 41. Ka5 Ka7 42. Bc4 Rxg2 43. f4 g6 44. h3 Rh2 45. Bf1 Rf2 0-1

[Event "CYCC U10"]
[Site "Vancouver CAN"]
[Date "2012.07.04"]
[Round "4"]
[White "Rodzik, Cameron"]
[Black "Cardinal, Anthony"]
[Result "1-0"]
[WhiteElo "593"]
[BlackElo "240"]
[PlyCount "29"]
[GameId "2160767909508530"]
[EventDate "2012.07.03"]
[EventType "swiss"]
[EventRounds "7"]
[EventCountry "CAN"]
[SourceTitle "EXT 2022"]
[Source "ChessBase"]
[SourceDate "2021.10.06"]
[SourceVersion "1"]
[SourceVersionDate "2021.10.06"]
[SourceQuality "1"]

1. e4 e5 2. Nf3 Nf6 3. Nc3 Nc6 4. Bb5 Bc5 5. d3 O-O 6. Bg5 h6 7. Bh4 Re8 8. b4 Bd6 9. Nd5 Bc5 10. bxc5 Ne7 11. Nxf6+ gxf6 12. Bxf6 d6 13. Ng5 Bd7 14. Qh5 hxg5 15. Qh8# 1-0

[Event "CYCC U10"]
[Site "Vancouver CAN"]
[Date "2012.07.04"]
[Round "4"]
[White "Smith, Alexei"]
[Black "Novakovic, David"]
[Result "0-1"]
[WhiteElo "502"]
[BlackElo "767"]
[PlyCount "50"]
[GameId "2160767909508531"]
[EventDate "2012.07.03"]
[EventType "swiss"]
[EventRounds "7"]
[EventCountry "CAN"]
[SourceTitle "EXT 2022"]
[Source "ChessBase"]
[SourceDate "2021.10.06"]
[SourceVersion "1"]
[SourceVersionDate "2021.10.06"]
[SourceQuality "1"]

1. e4 Nc6 2. d4 Nf6 3. Nc3 e5 4. Nf3 d5 5. Be3 dxe4 6. Ng5 Ng4 7. Nh3 exd4 8. Nxe4 dxe3 9. Qxd8+ Nxd8 10. Bb5+ Nc6 11. O-O exf2+ 12. Nhxf2 Ne3 13. Rae1 Nxf1 14. Rxf1 Bc5 15. Nxc5 Bf5 16. Nd1 Bxc2 17. Ne3 Bg6 18. Nd5 O-O-O 19. Rf4 Rxd5 20. Rc4 Bd3 21. Rc3 Bxb5 22. b4 Nxb4 23. Kf2 Nd3+ 24. Ke3 Re8+ 25. Kd2 Nxc5+ 0-1

[Event "CYCC U10"]
[Site "Vancouver CAN"]
[Date "2012.07.04"]
[Round "4"]
[White "Su, Michael"]
[Black "Zhao, Yue Tong (Davy)"]
[Result "1-0"]
[WhiteElo "1468"]
[BlackElo "1789"]
[PlyCount "86"]
[GameId "2160767909508532"]
[EventDate "2012.07.03"]
[EventType "swiss"]
[EventRounds "7"]
[EventCountry "CAN"]

1. e4 c5 2. Nc3 Nc6 3. g3 g6 4. Bg2 Bg7 5. d3 d6 6. f4 e6 7. Nf3 Nge7 8. O-O O-O 9. Bd2 Rb8 10. g4 f5 11. gxf5 exf5 12. Qe1 Nb4 13. Rc1 b5 14. a3 Na6 15. h4 b4 16. axb4 Rxb4 17. b3 Rb8 18. Ne2 d5 19. e5 d4 20. Qg3 Nc7 21. Ng5 Ne6 22. Kf2 Nxg5 23. hxg5 Kf7 24. Rh1 Rh8 25. Rh3 h5 26. gxh6 Bxh6 27. Qh2 Bg7 28. Rxh8 Bxh8 29. Ng1 Bg7 30. Nh3 Bh6 31. Ke2 Ke6 32. Nf2 Ng8 33. Qg3 Qe8 34. Nd1 Bb7 35. Nb2 Bxg2 36. Qxg2 Ne7 37. Nc4 Nd5 38. Nd6 Qg8 39. Qg3 Qg7 40. Nc4 Rg8 41. Rg1 Rh8 42. Qxg6+ Qxg6 43. Rxg6+ Kf7 1-0

[Event "CYCC U10"]
[Site "Vancouver CAN"]
[Date "2012.07.04"]
[Round "4"]
[White "Talukdar, Rohan"]
[Black "Reny, Alex"]
[Result "1-0"]
[WhiteElo "1254"]
[BlackElo "977"]
[PlyCount "101"]
[GameId "2160767909508533"]
[EventDate "2012.07.03"]
[EventType "swiss"]
[EventRounds "7"]
[EventCountry "CAN"]
[SourceTitle "EXT 2022"]
[Source "ChessBase"]
[SourceDate "2021.10.06"]
[SourceVersion "1"]
[SourceVersionDate "2021.10.06"]
[SourceQuality "1"]

1. d4 d5 2. c4 e6 3. Nc3 c5 4. e3 Nc6 5. Nf3 Nf6 6. Bd2 Bd6 7. Bd3 O-O 8. O-O Bd7 9. Qc2 h6 10. Rfe1 Qc7 11. h3 Rfe8 12. dxc5 Bxc5 13. cxd5 exd5 14. a3 Bd6 15. Nb5 Qb8 16. Nxd6 Qxd6 17. Bc3 Rac8 18. Qd2 Re7 19. b4 Ree8 20. Rac1 a6 21. Nd4 Ne4 22. Bxe4 dxe4 23. Qb2 Qg6 24. Ne2 Bxh3 25. Nf4 Qg4 26. Nxh3 Re6 27. Nf4 Ree8 28. Qe2 Qg5 29. Qh5 Qxh5 30. Nxh5 f6 31. Bxf6 g6 32. Ng3 Re6 33. Bb2 h5 34. Ne2 Rd8 35. Rcd1 Rxd1 36. Rxd1 g5 37. Rd7 b6 38. Rd5 Rg6 39. Ng3 h4 40. Nxe4 Ne7 41. Rxg5 Rxg5 42. Nxg5 Nd5 43. Ne6 a5 44. b5 a4 45. Bd4 h3 46. gxh3 Kf7 47. Ng5+ Kg6 48. Ne4 Kf5 49. Nc3 Ke6 50. Nxd5 Kxd5 51. Bxb6 1-0

[Event "CYCC U10"]
[Site "Vancouver CAN"]
[Date "2012.07.04"]
[Round "4"]
[White "Tang, Qiwen"]
[Black "Rapin, Oliver"]
[Result "1-0"]
[WhiteElo "474"]
[BlackElo "641"]
[PlyCount "62"]
[GameId "2160767909508534"]
[EventDate "2012.07.03"]
[EventType "swiss"]
[EventRounds "7"]
[EventCountry "CAN"]
[SourceTitle "EXT 2022"]
[Source "ChessBase"]
[SourceDate "2021.10.06"]
[SourceVersion "1"]
[SourceVersionDate "2021.10.06"]
[SourceQuality "1"]

1. e4 d5 2. Nc3 dxe4 3. Nxe4 e6 4. Bd3 Be7 5. Nf3 Nh6 6. b3 O-O 7. Bb2 Ng4 8. h3 Nf6 9. Qe2 h6 10. O-O-O Nd5 11. Ne5 Bf6 12. Nc4 Bxb2+ 13. Nxb2 Qe7 14. Bc4 Qa3 15. Kb1 Nb4 16. Qf3 N4c6 17. Rhe1 a5 18. Re3 a4 19. Nxa4 Ne5 20. Qf4 Nxc4 21. Rc3 Rxa4 22. Rxc4 Rxc4 23. bxc4 Qb4+ 24. Ka1 Qa4 25. Rc1 Nc6 26. Qxc7 Ne5 27. Qxe5 f6 28. Qc7 Bd7 29. Nd6 e5 30. Qxb7 Be6 31. c5 Qxa2# 1-0

[Event "CYCC U10"]
[Site "Vancouver CAN"]
[Date "2012.07.04"]
[Round "4"]
[White "Taylor, Ashton"]
[Black "Jiang, Jerry"]
[Result "1-0"]
[WhiteElo "806"]
[BlackElo "416"]
[PlyCount "49"]
[GameId "2160767909508535"]
[EventDate "2012.07.03"]
[EventType "swiss"]
[EventRounds "7"]
[EventCountry "CAN"]
[SourceTitle "EXT 2022"]
[Source "ChessBase"]
[SourceDate "2021.10.06"]
[SourceVersion "1"]
[SourceVersionDate "2021.10.06"]
[SourceQuality "1"]

1. c4 c5 2. g3 e6 3. Bg2 a6 4. Nc3 Nf6 5. d3 Be7 6. Bg5 d6 7. Nf3 Nbd7 8. O-O O-O 9. Qc2 Re8 10. Bxf6 Bxf6 11. Ne4 b6 12. Nxf6+ Nxf6 13. d4 cxd4 14. Nxd4 Rb8 15. Nc6 Qc7 16. Nxb8 Qxb8 17. Bc6 Rd8 18. Rfd1 Qc7 19. Ba8 Qe7 20. b4 Ng4 21. Qe4 Qg5 22. Qf4 Qh5 23. h4 e5 24. Qg5 Qh6 25. Qxd8# 1-0

[Event "CYCC U10"]
[Site "Vancouver CAN"]
[Date "2012.07.04"]
[Round "4"]
[White "Tolentino, Patrick Angelo"]
[Black "Surya, Benito"]
[Result "1-0"]
[WhiteElo "1112"]
[BlackElo "892"]
[PlyCount "45"]
[GameId "2160767909508536"]
[EventDate "2012.07.03"]
[EventType "swiss"]
[EventRounds "7"]
[EventCountry "CAN"]
[SourceTitle "EXT 2022"]
[Source "ChessBase"]
[SourceDate "2021.10.06"]
[SourceVersion "1"]
[SourceVersionDate "2021.10.06"]
[SourceQuality "1"]

1. e4 e5 2. d4 exd4 3. c3 dxc3 4. Bc4 Nf6 5. Nxc3 Bc5 6. Nf3 Nc6 7. Qb3 O-O 8. O-O d6 9. Bg5 a6 10. Qc2 h6 11. Bh4 b5 12. Bb3 Nb4 13. Qe2 Re8 14. Rad1 Bf5 15. a3 Nc6 16. Bd5 Bd7 17. e5 Rb8 18. Qc2 Nxe5 19. Nxe5 Rxe5 20. Ne4 g5 21. Nxc5 dxc5 22. Qg6+ Kf8 23. Qxf7# 1-0

[Event "CYCC U10"]
[Site "Vancouver CAN"]
[Date "2012.07.04"]
[Round "4"]
[White "Wang, Tim"]
[Black "Zhou, Felix"]
[Result "1-0"]
[WhiteElo "768"]
[BlackElo "671"]
[PlyCount "57"]
[GameId "2160767909508537"]
[EventDate "2012.07.03"]
[EventType "swiss"]
[EventRounds "7"]
[EventCountry "CAN"]
[SourceTitle "EXT 2022"]
[Source "ChessBase"]
[SourceDate "2021.10.06"]
[SourceVersion "1"]
[SourceVersionDate "2021.10.06"]
[SourceQuality "1"]

1. e4 e6 2. d4 d5 3. e5 c5 4. c3 Nc6 5. Be3 Nge7 6. f4 c4 7. g3 Ng6 8. Nf3 Be7 9. Ng5 O-O 10. Qh5 h6 11. Nf3 Bd7 12. Bh3 Qc8 13. O-O a5 14. Na3 Ra6 15. Nb5 Rb6 16. Na7 Nxa7 17. g4 Qd8 18. f5 Nh4 19. f6 Nxf3+ 20. Rxf3 gxf6 21. exf6 Bd6 22. Bxh6 Bxh2+ 23. Kxh2 Rxb2+ 24. Bg2 Qc7+ 25. Kh3 Kh7 26. Qg5 Rg8 27. Bg7 Rh8 28. Qh6+ Kg8 29. Qxh8# 1-0

[Event "CYCC U10"]
[Site "Vancouver CAN"]
[Date "2012.07.04"]
[Round "4"]
[White "Zhang, Clark"]
[Black "Low, Ethan"]
[Result "1-0"]
[WhiteElo "1013"]
[BlackElo "843"]
[PlyCount "109"]
[GameId "2160767909508538"]
[EventDate "2012.07.03"]
[EventType "swiss"]
[EventRounds "7"]
[EventCountry "CAN"]
[SourceTitle "EXT 2022"]
[Source "ChessBase"]
[SourceDate "2021.10.06"]
[SourceVersion "1"]
[SourceVersionDate "2021.10.06"]
[SourceQuality "1"]

1. e4 c5 2. Nf3 e6 3. Nc3 a6 4. Bc4 b5 5. Be2 Bb7 6. d4 cxd4 7. Nxd4 Qc7 8. Nf3 Nf6 9. Bd3 d6 10. Bg5 Nbd7 11. O-O b4 12. Ne2 Nxe4 13. Bh4 Nef6 14. Qd2 Bxf3 15. gxf3 a5 16. Bg3 Qb7 17. Kg2 Nh5 18. Be4 d5 19. Bd3 Nxg3 20. hxg3 Ne5 21. Rh1 Nxd3 22. Qxd3 g6 23. Qd4 Rg8 24. Rxh7 Rc8 25. Rc1 Bc5 26. Qf6 Ba7 27. Qxe6+ fxe6 28. Rxb7 Bc5 29. Rh7 e5 30. c4 d4 31. Rh4 d3 32. Ng1 d2 33. Rd1 Rd8 34. Re4 Kf7 35. Rxe5 Bd4 36. Rxa5 Bxb2 37. Rd5 Rxd5 38. cxd5 Bc3 39. Ne2 Re8 40. Kf1 Rd8 41. Nxc3 bxc3 42. Ke2 Rxd5 43. a4 Ra5 44. Kd3 Rc5 45. a5 Ke7 46. a6 Rc8 47. a7 Kd6 48. a8=Q Rxa8 49. Kxc3 Ra3+ 50. Kxd2 Rxf3 51. Ke2+ Ke5 52. Kxf3 g5 53. Kg4 Kf6 54. f4 gxf4 55. gxf4 1-0

[Event "CYCC U10"]
[Site "Vancouver CAN"]
[Date "2012.07.04"]
[Round "4"]
[White "Zhang, Zhehai"]
[Black "Ming, Wenyang"]
[Result "0-1"]
[WhiteElo "1301"]
[BlackElo "1324"]
[PlyCount "142"]
[GameId "2160767909508539"]
[EventDate "2012.07.03"]
[EventType "swiss"]
[EventRounds "7"]
[EventCountry "CAN"]
[SourceTitle "EXT 2022"]
[Source "ChessBase"]
[SourceDate "2021.10.06"]
[SourceVersion "1"]
[SourceVersionDate "2021.10.06"]
[SourceQuality "1"]

1. e4 c5 2. Nf3 Nc6 3. d4 cxd4 4. Nxd4 Nf6 5. Nc3 e6 6. Bc4 Bb4 7. Nxc6 bxc6 8. Bd3 d5 9. exd5 Bxc3+ 10. bxc3 cxd5 11. O-O Qc7 12. Qf3 O-O 13. Bg5 Nd7 14. Rab1 Bb7 15. Qg4 Rab8 16. Bd2 Ba8 17. Qh4 f5 18. Rfe1 Rxb1 19. Rxb1 Rb8 20. Re1 Nf8 21. Qd4 Rb2 22. Qa4 Bc6 23. Qa3 Qb7 24. Bf4 Bd7 25. Rc1 Rb1 26. c4 Qb2 27. Qxb2 Rxb2 28. cxd5 exd5 29. a3 Ne6 30. Bd6 Nd4 31. Bc5 Nc6 32. f3 h6 33. Ra1 Kf7 34. Kf2 f4 35. Bd6 g5 36. Bc5 Kf6 37. Bf8 h5 38. Ke2 Bf5 39. Bxf5 Kxf5 40. Kd3 Ne5+ 41. Kc3 Nc4 42. Bc5 Rb5 43. Bb4 a5 44. Bf8 g4 45. Re1 h4 46. fxg4+ Kxg4 47. Re2 Rb6 48. Kd4 Ne3 49. Kd3 Rb1 50. Bc5 Rd1+ 51. Kc3 h3 52. gxh3+ Kf3 53. Rd2 Rg1 54. Kd3 Rf1 55. h4 Nc4 56. Re2 Rd1+ 57. Kc3 Kxe2 58. h5 Rh1 59. h6 Rxh2 60. Bf8 f3 61. Bc5 Rxh6 62. Bd4 Ne3 63. Be5 Rc6+ 64. Kb3 Rc4 65. c3 f2 66. Bd4 f1=Q 67. Kb2 Qd1 68. Bxe3 Kxe3 69. Ka2 Rxc3 70. a4 Qb3+ 71. Ka1 Rc1# 0-1

[Event "CYCC U10"]
[Site "Vancouver CAN"]
[Date "2012.07.04"]
[Round "5"]
[White "Cardinal, Anthony"]
[Black "Tang, Qiwen"]
[Result "0-1"]
[WhiteElo "240"]
[BlackElo "474"]
[PlyCount "54"]
[GameId "2160767909508540"]
[EventDate "2012.07.03"]
[EventType "swiss"]
[EventRounds "7"]
[EventCountry "CAN"]
[SourceTitle "EXT 2022"]
[Source "ChessBase"]
[SourceDate "2021.10.06"]
[SourceVersion "1"]
[SourceVersionDate "2021.10.06"]
[SourceQuality "1"]

1. e4 e5 2. Nf3 Nc6 3. Nc3 g6 4. d4 Bg7 5. Bc4 exd4 6. Nxd4 Nxd4 7. O-O Nf6 8. Bg5 O-O 9. Qxd4 Qe8 10. Rae1 Ng4 11. Qd5 c6 12. Qc5 b6 13. Qb4 c5 14. Qb3 Bb7 15. a4 Rc8 16. Bf4 Rc6 17. e5 Nxe5 18. Bxe5 Bxe5 19. Ne2 Rd6 20. c3 Rd2 21. Nc1 d6 22. Nd3 Qd7 23. Bb5 Qg4 24. g3 Qh3 25. Bc6 Bxc6 26. Qd5 Bxd5 27. f3 Qg2# 0-1